000 00729nac a22002537a 4500
001 BR0103102
003 BR-BrBNA
005 20240105122546.0
008 230509b bl.|||m| |||| 00| 0 por d
040 _aBR-BrBNA
_bpor
_cBiblioteca Nacional de Agricultura
072 _aF30
090 _a0120 BR0103102
100 1 _aSilva, W.J. da
110 1 _aFundacao Cargill, Sao Paulo, SP (Brasil)
_94794
245 1 _aGenetica e melhoramento do milho
260 3 _aSao Paulo, SP (Brasil):
_c1975.
300 _a66 p.
490 _aBoletim - Fundacao Cargill (Brazil)
_vno. 3
_x
650 _aMilho
650 _aVariedade
650 _aGermoplasma
909 _a202312
_bLúcia Elande
_c55
_dLúcia Elande
942 _2AGRIS
_n0
_cMS
999 _c291649
_d291649